[Event "Rilton Cup 44th"]
[Site "Stockholm"]
[Date "2015.01.03"]
[Round "7"]
[White "Thompson, Ian D"]
[Black "Gagarin, Vasilij"]
[Result "0-1"]
[WhiteElo "2195"]
[BlackElo "2289"]
[PlyCount "84"]
[EventDate "2014.12.27"]
[EventType "swiss"]
[EventRounds "9"]
[EventCountry "SWE"]
[SourceTitle "CBM 164 Extra"]
[Source "ChessBase"]
[SourceDate "2015.03.02"]
[SourceVersion "1"]
[SourceVersionDate "2015.03.02"]
[SourceQuality "1"]

1. c4 e5 2. g3 d6 3. Bg2 g6 4. Nc3 Bg7 5. e3 f5 6. Nge2 Nf6 7. d3 0-0 8. 0-0 c6 9. f4 Be6 10. b3 Bf7 11. Rb1 Re8 12. h3 Nbd7 13. e4 fxe4 14. dxe4 exf4 15. gxf4 Nc5 16. Ng3 a5 17. Bb2 a4 18. e5 dxe5 19. fxe5 Nfd7 20. b4 a3 21. Ba1 Ne6 22. Nce4 Nxe5 23. Nd6 Re7 24. c5 Nc7 25. Nxf7 Qxd1 26. Rbxd1 Nxf7 27. Bxg7 Kxg7 28. Ne4 Nb5 29. Rd3 Ne5 30. Re3 Nc4 31. Rd3 Rae8 32. Nc3 Ne3 33. Nxb5 Nxf1 34. Nd6 Rf8 35. Be4 Rf4 36. b5 h5 37. b6 h4 38. Bxc6 bxc6 39. b7 Re1 40. Kg2 Re2+ 41. Kg1 Rb2 42. Rxa3 Ng3 0-1

[Event "Rilton Cup 44th"]
[Site "Stockholm"]
[Date "2014.12.30"]
[Round "4"]
[White "Szente Varga, Fruzsina"]
[Black "Gagarin, Vasilij"]
[Result "1/2-1/2"]
[WhiteElo "2202"]
[BlackElo "2289"]
[PlyCount "153"]
[EventDate "2014.12.27"]
[EventType "swiss"]
[EventRounds "9"]
[EventCountry "SWE"]
[SourceTitle "CBM 164 Extra"]
[Source "ChessBase"]
[SourceDate "2015.03.02"]
[SourceVersion "1"]
[SourceVersionDate "2015.03.02"]
[SourceQuality "1"]

1. e4 c5 2. Nf3 Nc6 3. Bb5 g6 4. 0-0 Bg7 5. d3 e5 6. Bxc6 bxc6 7. c3 Ne7 8. Be3 d6 9. d4 cxd4 10. cxd4 exd4 11. Bxd4 f6 12. Qb3 Qd7 13. Ng5 Ng8 14. Nh3 Qf7 15. Qg3 Qe7 16. Nd2 Nh6 17. Nc4 Nf7 18. Na5 0-0 19. f3 Qc7 20. Nb3 a5 21. Rac1 a4 22. Nd2 Ba6 23. Rfd1 Ne5 24. Nf4 Qf7 25. a3 Rac8 26. Rc2 g5 27. Bxe5 fxe5 28. Nh3 h6 29. Nf2 d5 30. Rdc1 Qe6 31. Ng4 d4 32. Qe1 Rfd8 33. Qd1 Bf8 34. Nc4 d3 35. Rc3 Bc5+ 36. Nf2 Bd4 37. Qxa4 Bxc3 38. Rxc3 Bb5 39. Qb4 Rd4 40. b3 d2 41. Nd1 Bxc4 42. bxc4 c5 43. Qb5 Rdd8 44. Qb2 Qd6 45. Kf1 Rb8 46. Qc2 Qd4 47. Re3 Rb6 48. Ke2 Rdb8 49. Qa4 Rd6 50. g4 Rbd8 51. Qb5 Kg7 52. a4 R6d7 53. a5 Qd6 54. Rb3 Ra8 55. Qb6 Qxb6 56. axb6 Rd4 57. b7 Rb8 58. Ne3 d1Q+ 59. Nxd1 Rxc4 60. Ne3 Rb4 61. Nf5+ Kf6 62. Rd3 Rb6 63. Ne3 Rb2+ 64. Kf1 R8xb7 65. Rd6+ Kf7 66. Rxh6 R7b3 67. Nc4 Rb4 68. Nxb2 Rxb2 69. h4 gxh4 70. Rxh4 c4 71. Rh7+ Kf6 72. Rc7 Rc2 73. Ke1 c3 74. Kd1 Rd2+ 75. Ke1 Rc2 76. Kd1 Rd2+ 77. Ke1 1/2-1/2

[Event "Rilton Cup 44th"]
[Site "Stockholm"]
[Date "2014.12.27"]
[Round "1"]
[White "Gagarin, Vasilij"]
[Black "Romanov, Evgeny"]
[Result "0-1"]
[WhiteElo "2289"]
[BlackElo "2638"]
[PlyCount "82"]
[EventDate "2014.12.27"]
[EventType "swiss"]
[EventRounds "9"]
[EventCountry "SWE"]
[SourceTitle "CBM 164 Extra"]
[Source "ChessBase"]
[SourceDate "2015.03.02"]
[SourceVersion "1"]
[SourceVersionDate "2015.03.02"]
[SourceQuality "1"]

1. d4 Nf6 2. c4 e6 3. Nc3 Bb4 4. e3 0-0 5. Bd3 d5 6. a3 Bxc3+ 7. bxc3 c5 8. cxd5 exd5 9. Ne2 b6 10. 0-0 Ba6 11. f3 Re8 12. Ng3 Bxd3 13. Qxd3 Nc6 14. Bb2 h5 15. Rae1 g6 16. e4 h4 17. Nh1 Nh5 18. Qd2 cxd4 19. cxd4 Na5 20. Qh6 Nc4 21. Ba1 Nxa3 22. f4 Nc2 23. f5 Qf6 24. e5 Qg7 25. Qd2 Nxe1 26. f6 Nxf6 27. exf6 Qh8 28. Nf2 Rac8 29. Ng4 Qh5 30. Nh6+ Kh7 31. Nxf7 Re2 32. Qf4 Rxg2+ 33. Kh1 Rcc2 34. Rxe1 Rxh2+ 35. Kg1 Rcg2+ 36. Kf1 h3 37. Ng5+ Qxg5 38. Qc7+ Kh6 39. Qg7+ Kh5 40. Qh7+ Kg4 41. Qd7+ Qf5+ 0-1

[Event "Moscow Kolomenskaya op"]
[Site "Moscow"]
[Date "2014.10.07"]
[Round "4"]
[White "Gagarin, Vasilij"]
[Black "Konaplev, Anton"]
[Result "1-0"]
[WhiteElo "2292"]
[BlackElo "2077"]
[PlyCount "57"]
[EventDate "2014.10.05"]
[EventType "swiss"]
[EventRounds "9"]
[EventCountry "RUS"]
[SourceTitle "CBM 162 Extra"]
[Source "ChessBase"]
[SourceDate "2014.10.17"]
[SourceVersion "1"]
[SourceVersionDate "2014.10.17"]
[SourceQuality "1"]

1. Nf3 d5 2. g3 g6 3. Bg2 Bg7 4. 0-0 e5 5. c4 d4 6. d3 Nc6 7. Na3 Nge7 8. Nc2 a5 9. b3 0-0 10. a3 h6 11. Bb2 g5 12. b4 Ng6 13. b5 Nce7 14. a4 Be6 15. Nd2 Qc8 16. Re1 Bh3 17. Bh1 Nf4 18. Ne4 Ne6 19. e3 Ng6 20. exd4 exd4 21. Ba3 Re8 22. Qf3 Nef4 23. gxf4 Bg4 24. Nf6+ Bxf6 25. Rxe8+ Qxe8 26. Qxg4 Nxf4 27. Re1 Qb8 28. Be4 Kg7 29. h4 1-0

[Event "Moscow Kolomenskaya op"]
[Site "Moscow"]
[Date "2014.10.06"]
[Round "3"]
[White "Mischuk, Dmitry"]
[Black "Gagarin, Vasilij"]
[Result "0-1"]
[WhiteElo "2300"]
[BlackElo "2292"]
[PlyCount "86"]
[EventDate "2014.10.05"]
[EventType "swiss"]
[EventRounds "9"]
[EventCountry "RUS"]
[SourceTitle "CBM 162 Extra"]
[Source "ChessBase"]
[SourceDate "2014.10.17"]
[SourceVersion "1"]
[SourceVersionDate "2014.10.17"]
[SourceQuality "1"]

1. d4 d5 2. c4 c6 3. Nc3 Nf6 4. cxd5 cxd5 5. Bf4 Nc6 6. e3 a6 7. Bd3 Bg4 8. Nge2 e6 9. Rc1 Bd6 10. Bxd6 Bxe2 11. Qxe2 Qxd6 12. f4 h5 13. 0-0 g6 14. Na4 Nd7 15. a3 0-0 16. Kh1 Rac8 17. Qd2 Ne7 18. b4 Rxc1 19. Rxc1 Rc8 20. Nc5 Rc7 21. Kg1 Nf5 22. Rc3 Nf6 23. Bxf5 exf5 24. Qc2 Qe7 25. h3 b6 26. Nxa6 Qxe3+ 27. Rxe3 Rxc2 28. Rd3 h4 29. b5 Ne4 30. Rd1 Nc3 31. Nb4 Rb2 32. Ra1 Ne2+ 33. Kf2 Nxf4+ 34. Kf3 g5 35. Nc6 Kf8 36. a4 Rb3+ 37. Kf2 g4 38. Ne5 g3+ 39. Kf1 Rb2 40. a5 bxa5 41. b6 f6 42. Nf3 Rxb6 43. Nxh4 Rb2 0-1

[Event "Moscow Kolomenskaya op"]
[Site "Moscow"]
[Date "2014.10.05"]
[Round "1"]
[White "Simantsev, Mikhail"]
[Black "Gagarin, Vasilij"]
[Result "1-0"]
[WhiteElo "2451"]
[BlackElo "2292"]
[PlyCount "83"]
[EventDate "2014.10.05"]
[EventType "swiss"]
[EventRounds "9"]
[EventCountry "RUS"]
[SourceTitle "CBM 162 Extra"]
[Source "ChessBase"]
[SourceDate "2014.10.17"]
[SourceVersion "1"]
[SourceVersionDate "2014.10.17"]
[SourceQuality "1"]

1. d4 Nf6 2. c4 e6 3. Nf3 Bb4+ 4. Nbd2 0-0 5. a3 Be7 6. e3 c5 7. Bd3 b6 8. d5 exd5 9. cxd5 d6 10. e4 Re8 11. 0-0 Bf8 12. h3 Ba6 13. Qc2 Qc8 14. Re1 Bxd3 15. Qxd3 Qa6 16. Qc2 Nbd7 17. b3 Re7 18. Bb2 Rae8 19. a4 Qb7 20. Re3 a6 21. Rae1 b5 22. Bc3 Nh5 23. Qd1 g6 24. g3 Bh6 25. R3e2 f6 26. Nf1 Ne5 27. N1h2 Qd7 28. Kg2 Nxf3 29. Nxf3 Bf4 30. g4 Ng7 31. Bxf6 Rf7 32. e5 dxe5 33. Nxe5 Bxe5 34. Bxe5 Ref8 35. Bg3 h5 36. Re3 hxg4 37. hxg4 Ne8 38. Re6 Nf6 39. R1e5 bxa4 40. bxa4 Kg7 41. Qd3 Qxa4 42. Rg5 1-0

[Event "Minsk op"]
[Site "Minsk"]
[Date "2014.07.19"]
[Round "4"]
[White "Gagarin, Vasilij"]
[Black "Stupak, Kirill"]
[Result "0-1"]
[WhiteElo "2312"]
[BlackElo "2499"]
[PlyCount "98"]
[EventDate "2014.07.16"]
[EventType "swiss"]
[EventRounds "9"]
[EventCountry "BLR"]
[SourceTitle "CBM 161 Extra"]
[Source "ChessBase"]
[SourceDate "2014.08.29"]
[SourceVersion "1"]
[SourceVersionDate "2014.08.29"]
[SourceQuality "1"]

1. d4 g6 2. c4 Bg7 3. Nf3 d6 4. Nc3 e5 5. g3 exd4 6. Nxd4 Nc6 7. Nxc6 bxc6 8. Bg2 Ne7 9. 0-0 0-0 10. Qc2 Bf5 11. e4 Be6 12. c5 Qb8 13. cxd6 cxd6 14. Bf4 Qb4 15. Rfd1 Rfd8 16. Rd2 Rd7 17. Rad1 Rad8 18. a3 Qb3 19. Qc1 d5 20. Bg5 d4 21. Bxe7 Rxe7 22. Ne2 Qb6 23. Nf4 Bb3 24. Re1 Bh6 25. Bf1 Rde8 26. f3 Re5 27. Bd3 c5 28. Bc4 Bxc4 29. Qxc4 Qf6 30. Rf2 Bxf4 31. gxf4 Qxf4 32. Qc1 Rg5+ 33. Rg2 Rxg2+ 34. Kxg2 Qe5 35. b3 d3 36. Qd2 Qd4 37. Rc1 f5 38. Rc4 Qd6 39. b4 fxe4 40. fxe4 Rd8 41. bxc5 Qe6 42. Rc1 Qxe4+ 43. Kg1 Qg4+ 44. Kh1 Qf3+ 45. Kg1 Rd4 46. Qa2+ Kg7 47. Qb2 Qe3+ 48. Kg2 d2 49. Rd1 Kh6 0-1

[Event "Agneaux St Lo op 16th"]
[Site "Agneaux"]
[Date "2014.07.09"]
[Round "5"]
[White "Gagarin, Vasilij"]
[Black "Miron, Lucian Costin"]
[Result "0-1"]
[WhiteElo "2312"]
[BlackElo "2509"]
[PlyCount "72"]
[EventDate "2014.07.06"]
[EventType "swiss"]
[EventRounds "9"]
[EventCountry "FRA"]
[SourceTitle "EXT 2015"]
[Source "ChessBase"]
[SourceDate "2014.11.20"]
[SourceVersion "1"]
[SourceVersionDate "2014.11.20"]
[SourceQuality "1"]

1. d4 Nf6 2. c4 g6 3. Nf3 Bg7 4. g3 0-0 5. Bg2 d6 6. 0-0 Nbd7 7. Nc3 e5 8. e4 Re8 9. h3 exd4 10. Nxd4 a6 11. Re1 Rb8 12. Bg5 h6 13. Bf4 Ne5 14. b3 c5 15. Nf3 Nfd7 16. Rc1 Nxf3+ 17. Bxf3 Ne5 18. Bg2 b5 19. Nd5 Be6 20. Re2 bxc4 21. bxc4 Kh8 22. Ne3 Qd7 23. g4 Rb6 24. Rd2 h5 25. f3 f5 26. exf5 gxf5 27. gxf5 Bxf5 28. Nd5 Rbb8 29. Bxe5 Rxe5 30. Nf4 Rbe8 31. Nd5 Bxh3 32. f4 Bg4 33. Qf1 Re2 34. Rxe2 Rxe2 35. Bf3 Bd4+ 36. Kh1 Rf2 0-1

[Event "Varna op 7th"]
[Site "Varna"]
[Date "2013.06.27"]
[Round "9"]
[White "Gagarin, Vasilij"]
[Black "Nikolov, Momchil"]
[Result "0-1"]
[WhiteElo "2329"]
[BlackElo "2538"]
[PlyCount "92"]
[EventDate "2013.06.19"]
[EventType "swiss"]
[EventRounds "9"]
[EventCountry "BUL"]
[SourceTitle "CBM 155 Extra"]
[Source "ChessBase"]
[SourceDate "2013.08.26"]
[SourceVersion "1"]
[SourceVersionDate "2013.08.26"]
[SourceQuality "1"]

1. g3 c5 2. Bg2 Nf6 3. e4 Nc6 4. f4 d6 5. d3 g6 6. Nf3 Bg4 7. h3 Bxf3 8. Qxf3 Bg7 9. 0-0 0-0 10. c3 Rc8 11. Be3 b5 12. Nd2 b4 13. d4 bxc3 14. bxc3 cxd4 15. cxd4 Nb4 16. Bf2 Nd7 17. Nb3 Nb6 18. e5 Qd7 19. a3 N4d5 20. Rfc1 Qa4 21. Nd2 Rc2 22. Ne4 Rfc8 23. Rxc2 Rxc2 24. Qd3 Bf8 25. Nc5 dxc5 26. dxc5 e6 27. cxb6 Nxb6 28. Bf3 Rb2 29. Bd1 Qc6 30. Bf3 Qc7 31. Re1 Rc2 32. Qa6 Bc5 33. Re2 Rc3 34. Qb7 Qxb7 35. Bxb7 Rxg3+ 36. Bg2 Bxf2+ 37. Kxf2 Rxa3 38. Rc2 Ra4 39. Kg3 Rc4 40. Rd2 Kg7 41. Kg4 a5 42. Rd8 Rc3 43. Rb8 Nc4 44. Ra8 h5+ 45. Kh4 Ne3 46. Be4 Rc4 0-1

[Event "Golden Sands Europe op 2nd"]
[Site "Golden Sands"]
[Date "2013.06.13"]
[Round "4"]
[White "Gagarin, Vasilij"]
[Black "Enchev, Ivajlo"]
[Result "1/2-1/2"]
[WhiteElo "2329"]
[BlackElo "2473"]
[PlyCount "94"]
[EventDate "2013.06.10"]
[EventType "swiss"]
[EventRounds "9"]
[EventCountry "BUL"]
[SourceTitle "CBM 154 Extra"]
[Source "ChessBase"]
[SourceDate "2013.06.25"]
[SourceVersion "2"]
[SourceVersionDate "2013.06.25"]
[SourceQuality "1"]

1. g3 c5 2. Bg2 Nc6 3. Nf3 e5 4. 0-0 d5 5. d3 f6 6. e4 Nge7 7. c3 d4 8. a3 a5 9. a4 Be6 10. Na3 Qd7 11. Nb5 Na7 12. Nxa7 Rxa7 13. cxd4 cxd4 14. Nd2 Nc6 15. f4 Bc5 16. b3 0-0 17. f5 Bf7 18. Nc4 Rb8 19. g4 b5 20. axb5 Rxb5 21. g5 Bf8 22. gxf6 gxf6 23. Rf3 Kh8 24. Rg3 Rab7 25. Bd2 Rxb3 26. Nxa5 Nxa5 27. Bxa5 Qc8 28. Bf1 Qb8 29. Rc1 Bh6 30. Bd2 Bf8 31. Qg4 R3b6 32. Qh4 Ra6 33. Bh6 Qe8 34. Rg2 Bb3 35. Rb1 Bxh6 36. Qxh6 Qf7 37. Kh1 Ra8 38. Rg6 Rb6 39. Be2 Rg8 40. Bh5 Rxg6 41. fxg6 Qg7 42. Qxg7+ Kxg7 43. Bd1 Bxd1 44. Rxb6 Bc2 45. gxh7 Bxd3 46. Rxf6 Bxe4+ 47. Kg1 Bxh7 1/2-1/2

[Event "San Sebastian op 36th"]
[Site "San Sebastian"]
[Date "2013.03.24"]
[Round "2"]
[White "Gagarin, Vasilij"]
[Black "Peteiro Osta, Luis Angel"]
[Result "1-0"]
[WhiteElo "2321"]
[BlackElo "1914"]
[PlyCount "47"]
[EventDate "2013.03.23"]
[EventType "swiss"]
[EventRounds "9"]
[EventCountry "ESP"]
[SourceTitle "CBM 153 Extra"]
[Source "ChessBase"]
[SourceDate "2013.04.22"]
[SourceVersion "1"]
[SourceVersionDate "2013.04.22"]
[SourceQuality "1"]

1. Nf3 Nf6 2. c4 e6 3. d4 b6 4. e3 Bb7 5. Bd3 c5 6. Nc3 cxd4 7. exd4 d5 8. cxd5 Nxd5 9. Ne5 Bd6 10. Bb5+ Kf8 11. 0-0 Nxc3 12. bxc3 a6 13. Ba4 Qc7 14. c4 Nc6 15. Nxc6 Bxc6 16. Bxc6 Qxc6 17. d5 exd5 18. cxd5 Qc7 19. Qh5 Be5 20. Ba3+ Kg8 21. Rac1 g6 22. Qf3 Bxh2+ 23. Kh1 Qf4 24. Qh3 1-0

[Event "Moscow Aeroflot rapid op qual"]
[Site "Moscow"]
[Date "2013.02.12"]
[Round "1"]
[White "Petrosian, Tigran L"]
[Black "Gagarin, Vasilij"]
[Result "0-1"]
[WhiteElo "2663"]
[BlackElo "2325"]
[PlyCount "98"]
[EventDate "2013.02.12"]
[EventType "swiss (rapid)"]
[EventRounds "9"]
[EventCountry "RUS"]
[SourceTitle "CBM 152 Extra"]
[Source "ChessBase"]
[SourceDate "2013.02.25"]
[SourceVersion "1"]
[SourceVersionDate "2013.02.25"]
[SourceQuality "1"]

1. e4 e5 2. Nf3 Nc6 3. Bc4 Bc5 4. b4 Bxb4 5. c3 Ba5 6. d4 exd4 7. Qb3 Qf6 8. 0-0 d6 9. cxd4 Bb6 10. e5 dxe5 11. Nxe5 Nxe5 12. dxe5 Qg6 13. a4 Ne7 14. a5 Bd4 15. Bd3 Bf5 16. Qa4+ Nc6 17. Bxf5 Qxf5 18. a6 Bxa1 19. axb7 Rb8 20. Qxc6+ Qd7 21. Qa6 Bd4 22. e6 fxe6 23. Ba3 c5 24. Nd2 0-0 25. Ne4 Qd5 26. Re1 Rxb7 27. Qe2 Rbf7 28. Kh1 Bxf2 29. Rd1 Bd4 30. h3 Rf4 31. Nxc5 Rf2 32. Qxe6+ Qxe6 33. Nxe6 Rf1+ 34. Rxf1 Rxf1+ 35. Kh2 Be5+ 36. g3 Rf2+ 37. Kg1 Bxg3 38. Bc5 Ra2 39. Kf1 a5 40. Ng5 a4 41. Ne4 Be5 42. Nf2 Rc2 43. Nd3 Bb2 44. Bf2 a3 45. Nb4 Rc4 46. Na2 Bd4 47. Bg3 Rc2 48. Nb4 Rb2 49. Bd6 Rxb4 0-1

[Event "Brno Trade op-A 37th"]
[Site "Brno"]
[Date "2012.09.02"]
[Round "9"]
[White "Gagarin, Vasilij"]
[Black "Sergeev, Vladimir"]
[Result "1/2-1/2"]
[WhiteElo "2372"]
[BlackElo "2481"]
[PlyCount "44"]
[EventDate "2012.08.26"]
[EventType "swiss"]
[EventRounds "9"]
[EventCountry "CZE"]
[SourceTitle "CBM 150 Extra"]
[Source "ChessBase"]
[SourceDate "2012.10.19"]
[SourceVersion "1"]
[SourceVersionDate "2012.10.19"]
[SourceQuality "1"]

1. d4 Nf6 2. c4 e6 3. Nf3 b6 4. Nc3 Bb7 5. Qc2 c5 6. dxc5 Bxc5 7. Bg5 h6 8. Bh4 Be7 9. e4 d6 10. 0-0-0 Nbd7 11. Bxf6 gxf6 12. Nd4 a6 13. Be2 Qc7 14. f4 h5 15. Kb1 Bf8 16. Rhf1 h4 17. f5 e5 18. Nf3 Rc8 19. Rfe1 Qc5 20. Bf1 Bc6 21. Nd5 Bxd5 22. Rxd5 Qc6 1/2-1/2

[Event "Brno Trade op-A 37th"]
[Site "Brno"]
[Date "2012.09.01"]
[Round "8"]
[White "Straka, Vojtech"]
[Black "Gagarin, Vasilij"]
[Result "0-1"]
[WhiteElo "2286"]
[BlackElo "2372"]
[PlyCount "108"]
[EventDate "2012.08.26"]
[EventType "swiss"]
[EventRounds "9"]
[EventCountry "CZE"]
[SourceTitle "CBM 150 Extra"]
[Source "ChessBase"]
[SourceDate "2012.10.19"]
[SourceVersion "1"]
[SourceVersionDate "2012.10.19"]
[SourceQuality "1"]

1. c4 e5 2. Nc3 d6 3. g3 g6 4. Bg2 Bg7 5. Rb1 f5 6. e3 Nf6 7. Nge2 0-0 8. 0-0 c6 9. d4 e4 10. b4 Be6 11. d5 Bf7 12. dxc6 bxc6 13. c5 dxc5 14. bxc5 Qa5 15. Bd2 Qxc5 16. Nd4 Qe7 17. Qc2 c5 18. Nb3 Nc6 19. Na4 c4 20. Nbc5 Rab8 21. Bc3 Rfc8 22. Rfd1 Ne5 23. Rxb8 Rxb8 24. Bxe5 Qxe5 25. Bf1 c3 26. Qxc3 Qxc3 27. Nxc3 Rc8 28. N5a4 Kf8 29. Ba6 Rc6 30. Bb5 Rc7 31. Rd2 Ng4 32. Ne2 Ne5 33. Nd4 Rc1+ 34. Kg2 Nc4 35. Rc2 Rxc2 36. Nxc2 Nd6 37. Bf1 Bxa2 38. Nb4 Bc4 39. Nc6 Bxf1+ 40. Kxf1 Nb5 41. g4 fxg4 42. Nc5 Ke8 43. Nxe4 Kd7 44. Na5 Kc7 45. Kg2 Kb6 46. Nc4+ Kc6 47. f3 gxf3+ 48. Kxf3 Kd5 49. Na5 Nd6 50. Ng5 Bc3 51. Nb3 h6 52. Nh3 Kc4 53. Nc1 Bb2 54. Ne2 a5 0-1

[Event "Brno Trade op-A 37th"]
[Site "Brno"]
[Date "2012.08.26"]
[Round "1"]
[White "Gagarin, Vasilij"]
[Black "Kopecek, Ivan"]
[Result "1-0"]
[WhiteElo "2372"]
[BlackElo "1974"]
[PlyCount "81"]
[EventDate "2012.08.26"]
[EventType "swiss"]
[EventRounds "9"]
[EventCountry "CZE"]
[SourceTitle "CBM 150 Extra"]
[Source "ChessBase"]
[SourceDate "2012.10.19"]
[SourceVersion "1"]
[SourceVersionDate "2012.10.19"]
[SourceQuality "1"]

1. d4 f5 2. g3 Nf6 3. Bg2 g6 4. Nf3 Bg7 5. b4 d6 6. Bb2 0-0 7. c4 Ne4 8. 0-0 c5 9. b5 Nd7 10. Nbd2 Ndf6 11. e3 Qc7 12. Qc2 Bd7 13. a4 cxd4 14. exd4 Rac8 15. Qd3 Rfd8 16. Qe3 Re8 17. h3 b6 18. Rac1 Be6 19. d5 Bf7 20. Nxe4 Nxe4 21. Bxg7 Kxg7 22. Nd4 e5 23. Bxe4 exd4 24. Qxd4+ Kg8 25. Bd3 Qc5 26. Qxc5 Rxc5 27. a5 Rec8 28. axb6 axb6 29. Ra1 R5c7 30. Ra6 Rb8 31. Rfa1 Kg7 32. Ra8 Rbb7 33. Rd8 Rd7 34. Rxd7 Rxd7 35. Ra8 Kf6 36. Rb8 Ke5 37. Rxb6 Kd4 38. Bf1 g5 39. Rc6 Be8 40. b6 Rb7 41. Rxd6 1-0

[Event "Split op 2nd"]
[Site "Split"]
[Date "2012.08.16"]
[Round "6"]
[White "Gagarin, Vasilij"]
[Black "Jovanic, Ognjen"]
[Result "1/2-1/2"]
[WhiteElo "2372"]
[BlackElo "2508"]
[PlyCount "59"]
[EventDate "2012.08.11"]
[EventType "swiss"]
[EventRounds "9"]
[EventCountry "CRO"]
[SourceTitle "CBM 149 Extra"]
[Source "ChessBase"]
[SourceDate "2012.08.24"]
[SourceVersion "1"]
[SourceVersionDate "2012.08.24"]
[SourceQuality "1"]

1. d4 d5 2. c4 c6 3. Nf3 Nf6 4. Nc3 a6 5. c5 Bf5 6. Qb3 Qc8 7. Bf4 Nbd7 8. h3 e6 9. e3 Be7 10. Be2 h6 11. 0-0 0-0 12. Rfc1 Re8 13. Qd1 Bd8 14. b4 Bc7 15. a4 e5 16. dxe5 Nxe5 17. Nd4 Bg6 18. b5 Ned7 19. Bxc7 Qxc7 20. Nb3 Qe5 21. bxc6 bxc6 22. a5 Qg5 23. Qf1 Reb8 24. Nd4 Nxc5 25. Nxc6 Re8 26. Nd4 Nfe4 27. Nf3 Qf5 28. Nd4 Qg5 29. Nf3 Qf5 30. Nd4 1/2-1/2

[Event "Split op 2nd"]
[Site "Split"]
[Date "2012.08.14"]
[Round "4"]
[White "Gagarin, Vasilij"]
[Black "Farkas, Tibor"]
[Result "1-0"]
[WhiteElo "2372"]
[BlackElo "2253"]
[PlyCount "53"]
[EventDate "2012.08.11"]
[EventType "swiss"]
[EventRounds "9"]
[EventCountry "CRO"]
[SourceTitle "CBM 149 Extra"]
[Source "ChessBase"]
[SourceDate "2012.08.24"]
[SourceVersion "1"]
[SourceVersionDate "2012.08.24"]
[SourceQuality "1"]

1. d4 Nf6 2. c4 g6 3. Nf3 Bg7 4. g3 d5 5. cxd5 Nxd5 6. Bg2 Nb6 7. Nc3 Nc6 8. e3 0-0 9. 0-0 Re8 10. Re1 a5 11. Qe2 e5 12. dxe5 Nxe5 13. Nxe5 Bxe5 14. e4 Be6 15. f4 Bxc3 16. bxc3 Bd5 17. Qf2 Bc6 18. Ba3 Nc4 19. Rad1 Qc8 20. Bc5 b6 21. Bd4 Qb7 22. f5 g5 23. h4 Bxe4 24. Qe2 Nd6 25. Qh5 f6 26. Bxf6 Nf7 27. Rd7 1-0

[Event "Split op 2nd"]
[Site "Split"]
[Date "2012.08.12"]
[Round "2"]
[White "Gagarin, Vasilij"]
[Black "Jelcic, Marko"]
[Result "1/2-1/2"]
[WhiteElo "2372"]
[BlackElo "2140"]
[PlyCount "37"]
[EventDate "2012.08.11"]
[EventType "swiss"]
[EventRounds "9"]
[EventCountry "CRO"]
[SourceTitle "CBM 149 Extra"]
[Source "ChessBase"]
[SourceDate "2012.08.24"]
[SourceVersion "1"]
[SourceVersionDate "2012.08.24"]
[SourceQuality "1"]

1. d4 Nf6 2. c4 g6 3. Nf3 Bg7 4. g3 d6 5. Bg2 0-0 6. 0-0 Nbd7 7. Nc3 c6 8. e4 e5 9. h3 Qb6 10. b3 exd4 11. Na4 Qa5 12. Nxd4 Nc5 13. Nxc5 dxc5 14. Ne2 Re8 15. Bd2 Qd8 16. Re1 Nd7 17. Rb1 Nf8 18. Be3 Ne6 19. Qxd8 1/2-1/2

[Event "Olomouc op"]
[Site "Olomouc"]
[Date "2012.08.08"]
[Round "8"]
[White "Soban, Jaroslav"]
[Black "Gagarin, Vasilij"]
[Result "1/2-1/2"]
[WhiteElo "2150"]
[BlackElo "2372"]
[PlyCount "42"]
[EventDate "2012.08.02"]
[EventType "swiss"]
[EventRounds "9"]
[EventCountry "CZE"]
[SourceTitle "CBM 149 Extra"]
[Source "ChessBase"]
[SourceDate "2012.08.24"]
[SourceVersion "1"]
[SourceVersionDate "2012.08.24"]
[SourceQuality "1"]

1. e4 c5 2. f4 d5 3. exd5 Nf6 4. Nc3 Nxd5 5. Nf3 g6 6. Bc4 Nxc3 7. bxc3 Bg7 8. 0-0 0-0 9. Ne5 Qc7 10. Qf3 e6 11. Rb1 f6 12. Nd3 Nc6 13. f5 Ne5 14. Nxe5 fxe5 15. Qg4 gxf5 16. Rxf5 Rxf5 17. Qxf5 Qf7 18. Qg5 Qf6 19. Qh5 Qf7 20. Qg5 Qf6 21. Qh5 Qf7 1/2-1/2

[Event "Pardubice Czech op-A 23rd"]
[Site "Pardubice"]
[Date "2012.07.25"]
[Round "6"]
[White "Gagarin, Vasilij"]
[Black "Olsarova, Tereza"]
[Result "0-1"]
[WhiteElo "2372"]
[BlackElo "2244"]
[PlyCount "82"]
[EventDate "2012.07.12"]
[EventType "swiss"]
[EventRounds "9"]
[EventCountry "CZE"]
[SourceTitle "CBM 149 Extra"]
[Source "ChessBase"]
[SourceDate "2012.08.24"]
[SourceVersion "1"]
[SourceVersionDate "2012.08.24"]
[SourceQuality "1"]

1. d4 d5 2. c4 c6 3. e3 Nf6 4. Bd3 e6 5. Nd2 dxc4 6. Nxc4 c5 7. Nf3 b5 8. Nce5 c4 9. Be2 Bb4+ 10. Bd2 Bxd2+ 11. Nxd2 Bb7 12. b3 0-0 13. bxc4 Bxg2 14. Rg1 Bb7 15. cxb5 Nd5 16. Bd3 f5 17. Qh5 Nd7 18. Ndc4 Nxe5 19. Nxe5 Rc8 20. Bc4 a6 21. Qh6 Qe7 22. bxa6 Ba8 23. Rb1 Rf6 24. Qh5 Nc3 25. Rb3 Ne4 26. Qe2 f4 27. f3 Nd6 28. Bd3 Rh6 29. Rg2 Qh4+ 30. Kd2 Bd5 31. Ng4 Nc4+ 32. Bxc4 Bxc4 33. Nxh6+ Qxh6 34. Rc3 Bxe2 35. Rxc8+ Kf7 36. a7 Bxf3 37. a8Q Bxa8 38. Rxa8 Qh3 39. Re2 f3 40. Rf2 Qg2 41. Ke1 Qg1+ 0-1

[Event "Pardubice Czech op-A 23rd"]
[Site "Pardubice"]
[Date "2012.07.23"]
[Round "4"]
[White "Gagarin, Vasilij"]
[Black "Osmanodja, Filiz"]
[Result "1/2-1/2"]
[WhiteElo "2372"]
[BlackElo "2199"]
[PlyCount "46"]
[EventDate "2012.07.12"]
[EventType "swiss"]
[EventRounds "9"]
[EventCountry "CZE"]
[SourceTitle "CBM 149 Extra"]
[Source "ChessBase"]
[SourceDate "2012.08.24"]
[SourceVersion "1"]
[SourceVersionDate "2012.08.24"]
[SourceQuality "1"]

1. d4 Nf6 2. c4 e6 3. Nf3 Bb4+ 4. Bd2 a5 5. g3 d5 6. Qc2 c5 7. dxc5 d4 8. Bxb4 axb4 9. Nbd2 Nc6 10. Bg2 0-0 11. 0-0 e5 12. Ng5 Bg4 13. Nde4 Nxe4 14. Nxe4 Bf5 15. Qd2 Bxe4 16. Bxe4 Qa5 17. a3 Qxc5 18. Bxc6 Qxc6 19. Qxb4 Ra4 20. Qb5 Rxc4 21. Qxe5 Re8 22. Qh5 Rc2 23. Rad1 Qe4 1/2-1/2